000 01035nam a22001457a 4500
040 _cNUST
082 _a006.3,SIV
100 _aSivanandam, S.N.
_9101098
245 _aPrinciples of soft computing /
_cS.N. Sivnandam, S.N.Deepa
260 _aIndia
_bwiley
_c2007
300 _axx,742 p.:
505 _aIntroduction (Page-1), Artificial Neural networks: An Introduction (Page-11), Supervised Learning Network (Page-59), Associative Memory Networks (Page-117), Special Networks (Page-291), Classical Relations and Fuzzy Relations (Page-339), Membership Functions (Page-369), Defuzzification (Page-389), Fuzzy Arithmetic and Fuzzy Measures (Page-415), Fuzzy Rule Base and Approximate Reasoning (Page-347), Fuzzy Decision Making (Page-453), Fuzzy Logic Control System(Page-463) Genetic Algorithm (Page-475), , Applications of soft Computing (Page-535), Soft Computing technique using C and C++ (Page-567), Mat lab Environment for soft Computing techniques (Page-633).
650 _aComputer Software
_91229
942 _2ddc
_cBK
_k006.3,SIV
999 _c591996
_d591996